Database system concepts (Record no. 489)

000 -LEADER
fixed length control field 00571nam a22002297a 4500
001 - CONTROL NUMBER
control field 489
003 - CONTROL NUMBER IDENTIFIER
control field BD-DhUET
008 - FIXED-LENGTH DATA ELEMENTS--GENERAL INFORMATION
fixed length control field 140722b xxu||||| |||| 00| 0 eng d
020 ## - INTERNATIONAL STANDARD BOOK NUMBER
International Standard Book Number 007124476X
040 ## - CATALOGING SOURCE
Transcribing agency 0
Modifying agency BD-DhUET
082 ## - DEWEY DECIMAL CLASSIFICATION NUMBER
Classification number 005.74
Item number SIL/2006
100 ## - MAIN ENTRY--PERSONAL NAME
Personal name Silberschatz, Abraham
245 ## - TITLE STATEMENT
Title Database system concepts
250 ## - EDITION STATEMENT
Edition statement 5th ed.
260 ## - PUBLICATION, DISTRIBUTION, ETC. (IMPRINT)
Place of publication, distribution, etc. Boston
Name of publisher, distributor, etc. McGraw-Hill
Date of publication, distribution, etc. 2006
300 ## - PHYSICAL DESCRIPTION
Extent xxvi,1142p.
Other physical details ill.
504 ## - BIBLIOGRAPHY, ETC. NOTE
Bibliography, etc Includes bibliographies
650 #0 - SUBJECT ADDED ENTRY--TOPICAL TERM
Topical term or geographic name as entry element Database management
700 ## - ADDED ENTRY--PERSONAL NAME
Personal name Korth, Henry F.
700 ## - ADDED ENTRY--PERSONAL NAME
Personal name Sudarshan, S.
942 ## - ADDED ENTRY ELEMENTS (KOHA)
Koha item type General Book
Holdings
Damaged status Lost status Koha issues (times borrowed) Koha normalized classification for sorting Koha date last seen Koha date last borrowed Date acquired Location (home branch) Copy number Not for loan Sublocation or collection (holding branch) Source of classification or shelving scheme Koha item type Withdrawn status Koha renewals Shelving location Koha full call number Piece designation (barcode) Price effective from
   007_000000000000000_74SIL20062014-07-22 2014-07-22Central Library, BUET1 Central Library, BUET General Book  Circulation section007.74/SIL/20061033202014-07-22
   007_000000000000000_74SIL20062016-12-24 2014-07-22Central Library, BUET2 Central Library, BUET General Book 2Circulation section007.74/SIL/20061033212014-07-22
   005_740000000000000_SIL20062014-08-25 2014-08-25Central Library, BUET3 Central Library, BUET General Book  Circulation section005.74 SIL/20061033222014-08-25
  1005_000000000000000_74SIL20062021-12-182021-12-042014-08-25Central Library, BUET4 Central Library, BUET General Book  Circulation section005.74/SIL/20061033232014-08-25
   005_000000000000000_74SIL20062014-08-25 2014-08-25Central Library, BUET5 Central Library, BUET General Book  Circulation section005.74/SIL/20061033242014-08-25
   005_740000000000000_SIL_20062014-08-25 2014-08-25Central Library, BUET6 Central Library, BUET General Book  Circulation section005.74/SIL/20061033252014-08-25
  1005_740000000000000_SIL_20062017-07-162017-07-012014-08-25Central Library, BUET7 Central Library, BUET General Book  Circulation section005.74/SIL/20061033262014-08-25
   005_000000000000000_74SIL20062014-08-25 2014-08-25Central Library, BUET8 Central Library, BUET General Book  Circulation section005.74/SIL/20061033272014-08-25
   005_000000000000000_74SIL20062014-08-25 2014-08-25Central Library, BUET9 Central Library, BUET General Book  Circulation section005.74/SIL/20061033282014-08-25
   005_000000000000000_74SIL20062014-08-25 2014-08-25Central Library, BUET10 Central Library, BUET General Book  Circulation section005.74/SIL/20061033292014-08-25
   005_740000000000000_SIL_20062015-06-09 2015-06-09Central Library, BUET11 Central Library, BUET Reading Item  Reading section005.74/SIL/20061021722015-06-09
   005_740000000000000_SIL_20062015-06-09 2015-06-09Central Library, BUET12 Central Library, BUET Reading Item  Reading section005.74/SIL/20061025542015-06-09